Kraje, które mają najwięcej użytkowników Twitcha - Statystyki

Ogólne statystyki
  • Ten quiz został rozwiązany 100 razy
    97 od ostatniego zresetowania
  • Średni wynik to 13 z 15
Statystyki odpowiedzi
Użytkownicy Kraj % Poprawnych
94M Stany Zjednoczone
100%
5M Polska
93%
11M Rosja
92%
17M Niemcy
90%
17M Brazylia
88%
12M Francja
88%
11M Hiszpania
88%
14M Wielka Brytania
87%
5M Kanada
86%
9M Meksyk
86%
8M Włochy
82%
10M Argentyna
74%
6M Australia
71%
7M Korea Południowa
69%
8M Turcja
64%
Nie znaleziono quizów pasujących do podanych kryteriów
Rozkład punktacji
Procent ludzi z każdym wynikiem
Percentyl według liczby udzielonych odpowiedzi
Twoja historia wyników
Nie rozwiązałeś tego quizu od ostatniego zresetowania